000 00421nmm a2200145Ia 4500
008 251105s9999||||xx |||||||||||||||||und||
041 _aspa
100 _aLozano, Álvaro
245 0 _aStalin
264 _a[Madrid, España] :
_bEdiciones Nowtilus,
_c[Fecha de publicación no identificada]
300 _a544 páginas
650 _aBiography
856 _uhttps://public.digitaliapublishing.com/a/84577
942 _cCF
999 _c103771
_d103771